[Event "Tata Steel-A 80th"]
[Site "Wijk aan Zee"]
[Date "2018.01.24"]
[Round "10"]
[White "Carlsen, Magnus"]
[Black "So, Wesley"]
[Result "1-0"]
[WhiteElo "2834"]
[BlackElo "2792"]
[Annotator "Krasenkow,M"]
[PlyCount "149"]
[EventDate "2018.01.13"]
[EventType "tourn"]
[EventRounds "13"]
[EventCountry "NED"]
[EventCategory "20"]
[SourceTitle "CBM 183"]
[Source "ChessBase"]
[SourceDate "2018.03.14"]
[SourceVersion "1"]
[SourceVersionDate "2018.03.14"]
[SourceQuality "1"]

1. Nf3 d5 2. d4 Nf6 3. Bf4 Bf5 4. e3 e6 5. c4 Bxb1 6. Qxb1 (6. Rxb1 {- see
Karjakin-Wei Yi in CBM 174.}) 6... Bb4+ 7. Kd1 {A very unusual line but Magnus
Carlsen regularly proves that White's king in the centre is less a problem for
him than it might seem.} Bd6 (7... O-O 8. c5 c6 9. Bd3 Nbd7 10. Ke2 Ba5 11. g4
g6 {0-1 (26) Caruana,F (2807)-Karjakin,S (2773) Saint Louis 2017} 12. h4 $40) (
7... Ne4 8. Qc2 Bd6 (8... c6 9. Bd3 f5 10. Ke2 (10. cxd5 $5 exd5 11. g4 $36)
10... Nd7 (10... Bd6 $142) 11. Qb3 Qe7 12. c5 Bxc5 {1-0 (23) Rambaldi,F (2574)
-Sanchez Alvarez,R (2402) Panama City PAN 2017} 13. Qxb7 $16) 9. Bxd6 Qxd6 10.
Bd3 f5 {0-1 (75) Demidov,M (2523)-Kovalenko,I (2635) chess.com INT 2018} 11.
cxd5 exd5 12. Ne5 $14) (7... Be7 8. c5 b6 9. b4 Ne4 10. Qc2 O-O 11. Bd3 {
1-0 (75) Margvelashvili,G (2547)-Gerzhoy,L (2489) Saint Louis 2012} f5 $13) (
7... c5 8. a3 Ba5 9. b4 cxb4 10. axb4 Bc7 11. Bxc7 Qxc7 12. c5 O-O 13. Bb5 Ne4
14. Qb2 Nc6 15. Ke2 f5 $13 {1-0 (33) Olbrich,M (2302)-Stettler,M (2291)
Germany 2002}) (7... dxc4 8. Bxc4 Bd6 9. Bg3 Nbd7 10. Ke2 Qe7 11. Qc2 O-O 12.
Rhd1 e5 13. dxe5 Nxe5 14. Nxe5 Bxe5 15. Kf1 Bxg3 16. hxg3 Qe5 $11 {1/2 (23)
Wirthensohn,H (2361)-Mathonia,C (2197) Germany 2002}) 8. Bg5 (8. c5 Bxf4 9.
exf4 Ne4 10. Qc2 Qf6 11. g3 O-O 12. Bb5 a6 13. Ba4 b5 14. cxb6 cxb6 15. Ke2 b5
16. Bb3 a5 $17 {0-1 (30) Nikolic,Z-Djukic,Z Nis 1981}) (8. Bxd6 Qxd6 9. Qc2 (9.
cxd5 exd5 10. Bd3 O-O 11. Ke2 Nbd7 12. b4 a5 13. b5 c5 14. bxc6 bxc6 15. Rd1 c5
16. dxc5 Nxc5 17. Kf1 Rfc8 $15 {0-1 (49) Hauge,L (2436)-Vaibhav,S (2542) chess.
com INT 2018}) 9... O-O 10. Bd3 dxc4 11. Qxc4 Nbd7 12. Ke2 c6 13. Rhd1 Qe7 14.
Rac1 e5 $11 {1/2 (18) Demidov,M (2523)-Andriasian,Z (2585) chess.com INT 2018})
8... h6 (8... c5 9. cxd5 exd5 10. Bb5+ Nc6 11. dxc5 Bxc5 (11... Be7 $142 $14)
12. Bxc6+ bxc6 13. Qc2 $16 {1-0 (26) Carlsen,M (2838)-Finegold,B (2481) chess.
com INT 2017}) (8... c6 9. Bd3 Nbd7 10. Ke2 Qe7 11. Rd1 h6 12. Bh4 O-O 13. Kf1
e5 14. dxe5 Nxe5 15. Nxe5 Qxe5 16. Bg3 Qe6 17. cxd5 cxd5 18. Bf5 Qe7 19. Qc2
$14 {1-0 (74) Kobo,O (2489)-Taylor,A (2256) Barcelona 2016}) 9. Bxf6 (9. Bh4 {
was played in two online games between Carlsen and So:} Nbd7 (9... g5 10. Bg3
Ne4 11. Qc2 g4 12. Nd2 Bxg3 13. Nxe4 dxe4 14. hxg3 f5 15. Qb3 $14 {1/2 (77)
Carlsen,M (2832)-So,W (2815) chess.com INT 2017}) 10. cxd5 exd5 11. Bd3 c6 12.
Ke2 Be7 13. b4 a6 14. Rc1 O-O 15. a4 Ne4 16. Bxe4 Bxh4 17. Bh7+ Kh8 18. Bf5 Nb6
19. b5 cxb5 20. axb5 a5 $11 {1-0 (35) Carlsen,M (2832)-So,W (2815) chess.com
INT 2017}) 9... Qxf6 10. cxd5 $146 {[%mdl 8]} (10. c5 Bf8 ({there is nothing
wrong with} 10... Be7) 11. Qc2 c6 12. b4 a6 13. Bd3 Nd7 14. Ke2 g5 15. h3 Bg7
16. a4 Qe7 17. Rad1 O-O 18. g4 e5 $13 {1/2 (40) So,W (2822)-Wojtaszek,R (2745)
Shamkir 2017}) 10... exd5 11. e4 $1 {Unusual: White attacks in the centre when
his uncastled king is there! Moreover, he has no development advantage or
other positional trumps. The justification of his action is purely tactical: a
favourable constellation of pieces at this particular moment. And surprisingly
it works!} Be7 (11... Qe6 $5 12. e5 Be7 13. Bb5+ Nd7) 12. Bb5+ $5 ({Of course,
not} 12. exd5 Nd7 {followed by 0-0-0.}) ({The immediate} 12. e5 {allows Black
to activate his queen:} Qb6) 12... c6 13. e5 Qf4 14. Bd3 c5 {Black must get
access to White's king.} 15. dxc5 Nc6 16. Qc1 {Of course, the exchange of
queens is favourable for White.} Qb4 17. a3 $1 (17. Ke2 Bxc5 18. Rd1 Qb6 19. a4
a6 20. b4 Nxb4 21. Rb1 O-O 22. Kf1 Qc6 23. a5 Rac8 24. Qd2 Nxd3 25. Qxd3 {
0-1 (68) Sadzikowski,D (2584)-Bai,J (2575) Neustadt an der Weinstrasse G 2018}
Rfd8 $15) 17... Qxc5 18. Ke2 {...but Magnus Carlsen doesn't hurry!} ({After} 
18. Qxc5 Bxc5 19. Ke2 O-O {[%csl Re5] Black should equalize.}) 18... Nd4+ (
18... Qb6 $5 {[%cal Re7c5]}) 19. Nxd4 Qxd4 20. f4 O-O 21. Qd2 Qb6 22. Rhe1 f6
23. e6 $1 {[%mdl 512]} Qxe6+ 24. Kf3 {White has sacrificed a pawn but his king
is now safe, and the weakness of light squares in Black's position becomes
critical.} Qd7 (24... Qf7 {[%cal Yf7h5]} 25. Bf5 Kh8 26. Rad1 {is very
unpleasant, too.}) 25. Rad1 Rad8 26. Qe3 Bd6 27. Bg6 f5 28. Qe6+ Qxe6 29. Rxe6
Bc5 {This move allows White to regain material while keeping a big positional
advantage} ({but after} 29... Bb8 30. h4 {Black's position is completely
passive.}) 30. Re5 (30. g3 $142 {protecting the f4-pawn, and then Re6-e5.})
30... Rf6 (30... Bd6 $142 $1 31. Rxf5 (31. Rexd5 Rf6 $1 32. Bxf5 g6 {regaining
the f4-pawn is the point of Black's defence}) 31... Bc7 32. Rxf8+ Kxf8 {
, and Black keeps good drawing chances.}) 31. Bxf5 Bd6 32. Rdxd5 Kf7 33. Re4 g6
34. Bg4 {As a result, White has won a pawn.} h5 35. Bh3 Re8 36. Red4 Be5 37.
Rb4 g5 38. g3 (38. Rxb7+ Kf8 39. g3 gxf4 40. g4 {was not clear due to} hxg4+
41. Bxg4 Rd6 $1 {with drawing chances for Black. If} 42. Rxd6 Bxd6 43. Rxa7 {
then} Re3+ 44. Kg2 Rb3) 38... b6 39. Rd7+ Kf8 40. Rh7 {White goes for a
position with 3 pawns vs. bishop. He had a good alternative:} (40. Rxa7 Bd6 41.
Rc4 gxf4 42. gxf4 b5 43. Re4 Rxe4 44. Kxe4 Rxf4+ 45. Kd5 $16) 40... g4+ 41.
Bxg4 hxg4+ 42. Kxg4 {Computers usually evaluate such positions as nearly equal
but in fact, they are quite difficult to defend. Wesley So fails to hold his
ground.} Bd6 43. Rc4 a5 (43... Rg6+ $142 44. Kf5 Rg7 {exchanging White's
active rook.}) 44. Rc6 Kg8 {Black now loses a fourth pawn but} ({if} 44... Be7
{then} 45. Rh8+ Kf7 46. Rxf6+ Bxf6 47. Rxe8 Kxe8 48. b3 {. After the exchange
of both pairs of rooks the endgame is winning for White.}) 45. Rb7 Be5 46.
Rcxb6 Rxb6 47. Rxb6 {[%mdl 4096] The rest is a matter of technique, which the
World Champion hardly lacks.} Bd4 48. Rb5 Re2 49. b3 Rxh2 50. Rxa5 Re2 51. Rd5
Bb2 52. a4 Bc3 53. Kf5 Re8 54. g4 Rf8+ 55. Ke4 Rb8 56. Rb5 Re8+ 57. Kd3 Be1 58.
a5 Bf2 59. b4 Re3+ 60. Kc4 Re4+ 61. Kb3 Kf7 62. Re5 Rd4 (62... Rxf4 63. Rf5+
Rxf5 64. gxf5 $18) 63. b5 Rd3+ 64. Kc2 Rg3 65. g5 Bd4 66. Rd5 Be3 67. Rd3 Rg2+
68. Kb3 Bc1 69. b6 Ke6 70. Rd4 Rb2+ 71. Ka4 Kf5 72. Rb4 Ra2+ 73. Kb5 Bxf4 74.
Rxf4+ Kxf4 75. b7 {A fantastic game, a real gem of chess strategy of the
future. It is very difficult to say where Black committed mistakes leading to
his defeat!} 1-0

[Event "Tata Steel-A 80th"]
[Site "Wijk aan Zee"]
[Date "2018.01.24"]
[Round "10"]
[White "Giri, Anish"]
[Black "Karjakin, Sergey"]
[Result "1/2-1/2"]
[WhiteElo "2752"]
[BlackElo "2753"]
[Annotator "Fernandez,D"]
[PlyCount "51"]
[EventDate "2018.01.13"]
[EventType "tourn"]
[EventRounds "13"]
[EventCountry "NED"]
[EventCategory "20"]
[SourceTitle "CBM 183"]
[Source "ChessBase"]
[SourceDate "2018.03.14"]
[SourceVersion "1"]
[SourceVersionDate "2018.03.14"]
[SourceQuality "1"]
[TimeControl "40/6000+30:20/3000+30:900+30"]

1. d4 {[%emt 0:00:00]} Nf6 {[%emt 0:00:04]} 2. c4 {[%emt 0:00:00]} e6 {[%emt 0:
00:03]} 3. g3 {[%emt 0:00:00]} Bb4+ {[%emt 0:00:15]} 4. Nd2 {[%emt 0:00:00]
Maybe similarly to yesterday, Anish Giri goes for the creation of a slight
imbalance. 4.Bd2 is played more often.} c5 {[%emt 0:00:45] And Karjakin does
not object. In principle, if one plays these ...Bb4 lines, be they in the
Ragozin, Nimzo-Indian, Bogo-Indian or even something else, one should not
object to giving up this bishop for a knight and then arranging all one's
pawns on dark squares.} (4... d5 5. Bg2 O-O 6. Ngf3 b6 7. O-O Bb7 {is another
normal way to play this position with Black.}) 5. a3 {[%emt 0:00:00]} Bxd2+ {
[%emt 0:00:05]} 6. Qxd2 {[%emt 0:00:02]} cxd4 {[%emt 0:00:07]} 7. Nf3 {[%emt 0:
00:11]} (7. Qxd4 Nc6 8. Qd3 O-O 9. Bg2 d5 $11) 7... d5 {[%emt 0:00:47]} (7...
b6 $5 8. Nxd4 Bb7 9. f3 $132 {could lead to some kind of almost Maroczy-like
play}) 8. Bg2 {[%emt 0:01:01]} dxc4 {[%emt 0:00:19]} 9. Qxd4 {[%emt 0:00:14]}
Qxd4 {[%emt 0:00:07]} 10. Nxd4 {[%emt 0:00:03]} O-O {[%emt 0:00:08] The
position is now 'more open than closed' and so I would probably slightly
prefer to be White, but very accurate play is needed to make anything of this.}
11. Be3 {[%emt 0:00:25]} (11. Bg5 $5 e5 12. Nb5 Nc6 13. Rd1 $14 {is maybe one
way to go; White will choose soon whether to play with Bxf6, Nd6 etc or with
Be3, h3, Nc3, 0-0 and try and make use of the bishop pair only once the rooks
come off. The Catalan bishop always guarantees at least sufficient
compensation.}) 11... Nd5 {[%emt 0:00:40]} 12. Rc1 {[%emt 0:00:21]} (12. O-O $5
Nxe3 13. fxe3 e5 $11 {is creative but probably nothing.}) 12... c3 $1 {[%emt 0:
00:26]} (12... Nxe3 13. fxe3 e5 14. Nb5 Nc6 15. Nd6 $14) 13. b3 {[%emt 0:00:05]
} Nxe3 {[%emt 0:03:29]} 14. fxe3 {[%emt 0:00:06]} Nd7 {[%emt 0:00:07]} 15. Rxc3
{[%emt 0:02:48]} Rd8 {[%emt 0:07:50]} 16. O-O {[%emt 0:14:21]} Nf6 {[%emt 0:00:
32]} 17. Rc7 {[%emt 0:11:35]} (17. Nf3 $5 $14 {is a counter-intuitive machine
suggestion that makes a lot of sense once you look at it a few times, but in
any case Black might be able to neutralise the pressure with the standard
bishop-for-knight swap, because the machine overrates bishops. For instance:}
Bd7 18. Ne5 Rac8 19. Rxc8 Rxc8 {and Black is getting nice and active, whether
White accepts the unusual swap offer or not.}) 17... Rb8 $1 {[%emt 0:00:05] An
ugly but necessary move, and after a few more similar ones it transpires that
White is not better.} 18. Nb5 {[%emt 0:10:21]} a5 {[%emt 0:00:05]} 19. Na7 {
[%emt 0:07:07]} Bd7 {[%emt 0:07:57]} 20. Rd1 {[%emt 0:01:09]} (20. Rxb7 $2 Rxb7
21. Bxb7 Rb8 $15) 20... b6 {[%emt 0:09:07] With equality.} 21. Bc6 {[%emt 0:04:
56]} Bxc6 {[%emt 0:00:59]} 22. Rxd8+ {[%emt 0:00:07]} Rxd8 {[%emt 0:00:04]} 23.
Nxc6 {[%emt 0:00:37]} Rd1+ {[%emt 0:01:46]} 24. Kg2 {[%emt 0:01:19]} h5 {
[%emt 0:01:33]} 25. Ne5 {[%emt 0:03:34]} Ng4 {[%emt 0:02:25]} (25... Re1 $5 {
might deserve consideration at lower levels, to try and play on based on
White's structure.}) 26. Nxg4 $11 {[%emt 0:01:56] The rook endgame is almost
completely equal, with White's activity counterbalanced by a structural issue.}
1/2-1/2

[Event "Tata Steel-A 80th"]
[Site "Wijk aan Zee"]
[Date "2018.01.24"]
[Round "10"]
[White "Jones, Gawain C B"]
[Black "Anand, Viswanathan"]
[Result "0-1"]
[WhiteElo "2640"]
[BlackElo "2767"]
[Annotator "Fernandez,D"]
[PlyCount "80"]
[EventDate "2018.01.13"]
[EventType "tourn"]
[EventRounds "13"]
[EventCountry "NED"]
[EventCategory "20"]
[SourceTitle "CBM 183"]
[Source "ChessBase"]
[SourceDate "2018.03.14"]
[SourceVersion "1"]
[SourceVersionDate "2018.03.14"]
[SourceQuality "1"]
[TimeControl "40/6000+30:20/3000+30:900+30"]

1. e4 {[%emt 0:00:00]} c5 {[%emt 0:00:11]} 2. c3 {[%emt 0:00:00] Another rare
guest at the top levels, but Gawain Jones is nothing if not a connoisseur of
anti-Sicilians.} Nf6 {[%emt 0:00:15]} 3. e5 {[%emt 0:00:03]} Nd5 {[%emt 0:00:
06]} 4. Nf3 {[%emt 0:00:04]} Nc6 {[%emt 0:00:20]} 5. Bc4 {[%emt 0:00:17]} (5.
d4 {is marginally more popular, but has been largely de-fanged.}) 5... Nb6 {
[%emt 0:00:08]} 6. Bb3 {[%emt 0:00:07]} c4 {[%emt 0:00:06] Seizing control of
c4 now gives White slightly fewer options and makes clear that Black is
playing for a win.} (6... d6 7. exd6 Qxd6 8. Na3 $5 {is an interesting idea,
seen in a number of elite games. For instance,} Be6 9. d4 Bxb3 10. Qxb3 cxd4
11. Nb5 Qb8 12. Nbxd4 $36 {Nakamura,H-Nepomniachtchi, I Baku 2015}) 7. Bc2 {
[%emt 0:00:04]} d6 {[%emt 0:00:07]} 8. exd6 {[%emt 0:00:10]} Qxd6 {[%emt 0:00:
08]} (8... e5 $5 {is even more militantly maximalist, but it is a bit
unncessary and could come unstuck, e.g.} 9. a4 Bxd6 10. O-O Be6 11. d3 h6 12.
a5 Nc8 13. a6 $14 {Howell,D-Lazarev,V France 2006}) 9. O-O {[%emt 0:00:10]} Bg4
{[%emt 0:00:09]} 10. h3 {[%emt 0:00:11]} Bh5 {[%emt 0:00:44]} 11. Re1 {[%emt 0:
00:17]} O-O-O {[%emt 0:11:42]} 12. Be4 {[%emt 0:07:24] Discouraging all kinds
of ...Qf6 ideas. This move has far more to it than meets the eye.} (12. b3 Qf6
13. bxc4 $132 {brings about an interesting imbalance}) (12. Na3 {could be
another implementation of the game idea:} Qf6 13. Be4 Ne5 14. g4 $132 {
Vysochin, S-Kokarev,D Olginka 2011}) 12... e6 {[%emt 0:12:45]} (12... Qd7 $5 {
might be a slight improvement.} 13. b3 f5 14. Bxc6 (14. Bc2 e5 $17) 14... Qxc6
15. Qc2 $1 (15. g4 fxg4 16. Ne5 Qf6 17. hxg4 Be8 $132 {should practically
favour Black}) 15... Bxf3 16. Qxf5+ e6 17. Qxf3 Qxf3 18. gxf3 Rd3 $44 {Black
has good compensation, and practical chances based on White's exposed king,
but I don't think he is actually better.}) 13. b3 {[%emt 0:04:01]} f5 {[%emt 0:
01:13]} 14. Bc2 {[%emt 0:02:54]} g6 {[%emt 0:02:10]} 15. bxc4 {[%emt 0:00:50]}
e5 {[%emt 0:04:51]} 16. d4 $6 {[%emt 0:06:02]} (16. d3 {keeps chances of a
slight objective edge, although neither I nor the engine properly understand
Black's pawn sacrifice.}) 16... exd4 {[%emt 0:04:22]} 17. Bg5 {[%emt 0:11:13]}
Bg7 $1 {[%emt 0:07:59] A really powerful exchange sacrifice, which must have
been underestimated.} (17... d3 18. Bb3 Be7 $11) 18. Bxd8 {[%emt 0:06:13]} Rxd8
{[%emt 0:00:16]} 19. Qd3 {[%emt 0:05:57]} Qf4 $17 {[%emt 0:06:18] White finds
it impossible to disentangle because of the pressure on the long diagonal.} 20.
Qd2 {[%emt 0:23:41]} (20. Na3 dxc3 21. Qe3 {might have been a better wriggle.})
20... Qxd2 {[%emt 0:02:05]} 21. Nbxd2 {[%emt 0:02:13]} dxc3 {[%emt 0:00:19]}
22. Nb3 {[%emt 0:00:42]} Bxf3 {[%emt 0:00:46]} 23. gxf3 {[%emt 0:06:10]} Nb4 {
[%emt 0:00:26]} 24. Re2 {[%emt 0:01:28]} Nxc4 {[%emt 0:01:02] Now Black has
reached material parity, and the difference in quality of pieces is obvious.
Nevertheless, it is not so clear how precisely Black should push the queenside
pawns.} 25. Rc1 {[%emt 0:10:21]} b5 {[%emt 0:06:13]} 26. Na1 {[%emt 0:05:51]}
Bh6 {[%emt 0:02:13]} 27. Rb1 {[%emt 0:00:55]} a5 {[%emt 0:00:15]} 28. Kg2 {
[%emt 0:06:26]} Nd2 {[%emt 0:06:11]} 29. Rbe1 {[%emt 0:00:46]} Bf4 {[%emt 0:02:
48] Fully under control. White can barely move. The rest is just good 
(although not tricky) technique.} 30. Re7 {[%emt 0:01:35]} Rd7 {[%emt 0:01:46]}
31. Re8+ {[%emt 0:01:25]} Kc7 {[%emt 0:00:15]} 32. Ra8 {[%emt 0:03:43]} a4 {
[%emt 0:01:37]} 33. Re6 {[%emt 0:01:37]} Kb7 {[%emt 0:02:53]} 34. Rae8 {
[%emt 0:01:55]} Bd6 {[%emt 0:00:47]} 35. Bd1 {[%emt 0:01:00]} Nd5 {[%emt 0:00:
18]} 36. Re1 {[%emt 0:00:36]} Nf4+ {[%emt 0:00:17]} 37. Kh1 {[%emt 0:00:04]}
Bc5 {[%emt 0:01:56]} 38. Be2 {[%emt 0:01:23]} Nxe2 {[%emt 0:00:14]} 39. R1xe2 {
[%emt 0:01:00]} b4 {[%emt 0:00:29]} 40. R2e5 {[%emt 0:00:00]} Rc7 {[%emt 0:00:
47] The time control was reached and despite still not being material down,
there is precious little White can do about ...b3 et cetera, so he resigned.}
0-1